| 000 | 00682nam a2200229 u 4500 | ||
|---|---|---|---|
| 005 | 20240229063551.0 | ||
| 008 | 130212s2007 ag r 000 0 spa d | ||
| 020 | _a9789500834308 | ||
| 035 | _aUPN01000189557 | ||
| 049 | _aI | ||
| 050 | 4 |
_aPQ7798.32 E3.2 _bA7.3 |
|
| 100 | 1 |
_aVega, Graciela _933528 |
|
| 245 | 1 | 3 |
_aEl Arca de Noé / _cGraciela Vega ; il. José Olmos. |
| 260 |
_aBuenos Aires : _bAtlántida, _c2007. |
||
| 300 |
_a29 p. : _bprincipalmente il. col. |
||
| 440 | 0 | _aAtlántida mini | |
| 650 | 4 |
_aLiteratura infantil argentina _97511 |
|
| 650 | 4 |
_aLibros y lectura para niños _92290 |
|
| 700 | 1 |
_aOlmos, José, _eil. |
|
| 905 | _aInfantil | ||
| 999 |
_c161660 _d161660 |
||